000 00406nam a22001457a 4500
020 _a9789332518537
040 _cNUST
082 _a621.31042 WIL
100 _aWildi, Theodore
_918392
245 _aElectrical Machines, Drives and Power Systems
250 _a6th Edition
260 _aNew Dehli:
_bPearson Education,
_c2016.
650 _aTEXTBOOKS-DME. ELECTRICAL MACHINES
_9112960
942 _2ddc
_cTEXT
999 _c594880
_d594880